ARRUPE JESUIT UNIVERSITY

CORONAVIRUS -STOP THE SPREAD - CLEAN,DISINFECT,COVER

The cave and the light : (Record no. 122027)

MARC details
000 -LEADER
fixed length control field 01172cam a2200325 i 4500
001 - CONTROL NUMBER
control field 18176688
003 - CONTROL NUMBER IDENTIFIER
control field ARRUPE
005 - DATE AND TIME OF LATEST TRANSACTION
control field 20150508020005.0
008 - FIXED-LENGTH DATA ELEMENTS--GENERAL INFORMATION
fixed length control field 140604s2014 nyua b 000 0 eng
010 ## - LIBRARY OF CONGRESS CONTROL NUMBER
LC control number 2014412071
020 ## - INTERNATIONAL STANDARD BOOK NUMBER
International Standard Book Number 9780553385663 (pbk.)
040 ## - CATALOGING SOURCE
Original cataloging agency DLC
Language of cataloging eng
Description conventions rda
Transcribing agency DLC
042 ## - AUTHENTICATION CODE
Authentication code pcc
043 ## - GEOGRAPHIC AREA CODE
Geographic area code e-gr---
050 00 - LIBRARY OF CONGRESS CALL NUMBER
Classification number CB245
Item number .H4286 2010
082 00 - DEWEY DECIMAL CLASSIFICATION NUMBER
Classification number 909/.09821
Edition number 23
300 ## - PHYSICAL DESCRIPTION
Other physical details illustrations ;
Dimensions 21 cm
100 1# - MAIN ENTRY--PERSONAL NAME
Personal name Herman, Arthur,
Dates associated with a name 1956-
9 (RLIN) 15065
245 14 - TITLE STATEMENT
Title The cave and the light :
Remainder of title Plato versus Aristotle, and the struggle for the soul of Western civilization /
Statement of responsibility, etc Arthur Herman.
250 ## - EDITION STATEMENT
Edition statement Random House Trade Paperback edition.
260 ## - PUBLICATION, DISTRIBUTION, ETC. (IMPRINT)
Place of publication, distribution, etc New York
Name of publisher, distributor, etc Random House Trade Paperbacks
Date of publication, distribution, etc 2010
300 ## - PHYSICAL DESCRIPTION
Extent xxiii, 676 pages :
504 ## - BIBLIOGRAPHY, ETC. NOTE
Bibliography, etc Includes bibliographical references (pages [623]-642) and index.
600 00 - SUBJECT ADDED ENTRY--PERSONAL NAME
Personal name Plato
General subdivision Influence.
9 (RLIN) 15066
600 00 - SUBJECT ADDED ENTRY--PERSONAL NAME
Personal name Aristotle
General subdivision Influence.
9 (RLIN) 15067
650 #0 - SUBJECT ADDED ENTRY--TOPICAL TERM
Topical term or geographic name as entry element Civilization, Western
General subdivision Greek influences.
9 (RLIN) 15068
650 #0 - SUBJECT ADDED ENTRY--TOPICAL TERM
Topical term or geographic name as entry element Philosophy, Ancient.
9 (RLIN) 15069
906 ## - LOCAL DATA ELEMENT F, LDF (RLIN)
a 0
b ibc
c orignew
d 2
e ncip
f 20
g y-gencatlg
942 ## - ADDED ENTRY ELEMENTS (KOHA)
Source of classification or shelving scheme Library of Congress Classification
Koha item type Monograph ( Printed materials)
Koha issues (borrowed), all copies 4
Holdings
Withdrawn status Lost status Source of classification or shelving scheme Damaged status Not for loan Collection code Home library Current library Shelving location Date acquired Total Checkouts Full call number Barcode Date last seen Date checked out Price effective from Koha item type
    Library of Congress Classification     Main Collection ARRUPE LIBRARY ARRUPE LIBRARY Main Collection 16/02/2015 4 CB245 .H4286 2010 46500001068 10/10/2017 07/05/2015 16/02/2015 Monograph ( Printed materials)

 

Arrupe Library. PO Box MP320 Mt Pleasant, Harare, Zimbabwe
263 242 745411|librarian@aju.ac.zw